Nuclear reactor physics / (Record no. 596958)
[ view plain ]
| 000 -LEADER | |
|---|---|
| fixed length control field | 00323nam a2200121Ia 4500 |
| 008 - FIXED-LENGTH DATA ELEMENTS--GENERAL INFORMATION | |
| fixed length control field | 230907s9999||||xx |||||||||||||| ||und|| |
| 082 ## - DEWEY DECIMAL CLASSIFICATION NUMBER | |
| Classification number | 621.4831 |
| Author Mark | STA-N |
| 100 ## - MAIN ENTRY--PERSONAL NAME | |
| Personal name | Stacey, Weston M. |
| 9 (RLIN) | 114927 |
| 245 #0 - TITLE STATEMENT | |
| Title | Nuclear reactor physics / |
| 260 ## - PUBLICATION, DISTRIBUTION, ETC. | |
| Place of publication, distribution, etc. | Wiley-VCH, |
| Name of publisher, distributor, etc. | Weinheim : |
| Date of publication, distribution, etc. | 2007 |
| 300 ## - PHYSICAL DESCRIPTION | |
| Extent | xxviii, 706 p. : |
| 942 ## - ADDED ENTRY ELEMENTS (KOHA) | |
| Koha item type | Book |
| Withdrawn status | Lost status | Damaged status | Not for loan | Permanent Location | Current Location | Date acquired | Total Checkouts | Full call number | Barcode | Date last seen | Price effective from | Koha item type |
|---|---|---|---|---|---|---|---|---|---|---|---|---|
| US-Pakistan Center for Advanced Studies in Energy (USPCAS-E) | US-Pakistan Center for Advanced Studies in Energy (USPCAS-E) | 12/21/2015 | 621.4831 STA-N | CAS-E0001057 | 09/12/2023 | 09/12/2023 | Book |
